Etický kódex príslušníka Hasičského a záchranného zboru: základné východiská na jeho spracovanie

Bibliographic Details
Main Author: Šebestová, Dana (Author)
Format: Article
Language:Slovak
ISBN:8089051057

MARC

LEADER 00000naa a2200000uu 4500
001 vtls011062297
003 SK-MaSNL
005 20260302112130.0
008 210906|2003 xo |||||||||||||||||slo|
015 |a SNBRA 
035 |a (urnnbn)urn:nbn:sk:snk:ar-a0c3ni 
035 |a (uuid)ddb7da3f-b6e3-4c1c-954b-f83846cd1531 
035 |a urn:nbn:sk:snk-aava5m 
040 |a SNKBUCL  |b slo  |c SNKBUCL  |e AACR2 
041 0 |a slo 
044 |a xo  |c SK 
100 1 |a Šebestová, Dana  |4 aut  |9 781107 
245 1 0 |a Etický kódex príslušníka Hasičského a záchranného zboru: základné východiská na jeho spracovanie  |c Dana ŠEBESTOVÁ 
773 0 |t Fireco 2003  |d Bratislava : Ministerstvo vnútra SR, 2003, 2003  |g S. 169-172  |z 8089051057 
958 |a OND 
958 |a article12 
958 |a chapter 
999 |c 1250321  |d 1252251